000
00339nam a2200145Ia 4500
008
150201s2007 xx 000 0 und d
082
_a
616.0757
_b
C07K
100
_a
KARTHIKEYAN , D.
245
_a
CHEST X-RAY MADE EESY
250
_a
1ST
260
_b
JAYPEE
_a
DELHI
_c
2007
300
_a
1-177
650
_a
RADIOLOGY
942
_2
ddc
_c
BK
_0
8
999
_c
1660
_d
1660